Implicaciones culturales de la globalización /

Сохранить в:
Библиографические подробности
Главный автор: González, Luis Armando
Формат: Текст
Предметы:
Метки: Добавить метку
Нет меток, Требуется 1-ая метка записи!

MARC

LEADER 00000 a a2200000 04500
001 5241
003
040
100 |a González, Luis Armando  
245 |a Implicaciones culturales de la globalización /  |c Luis Armando González  
650 |a CULTURA  
650 |a IDENTIDAD CULTURAL  
650 |a MEDIOS DE COMUNICACION  
650 |a GLOBALIZACION  
650 |a EL SALVADOR  
773 |g volumen 62, número 703 -704; páginas 377-396  
999 |c 21357  |d 21357 
773 0 |0 18723  |9 2722  |a Universidad Centroamericana José Simeón Cañas (UCA)  |d San Salvador, El Salvador Universidad Centroamericana José Simeón  |o 03494  |t ECA: